<?xml version="1.0" encoding="UTF-8"?>
<collection xmlns="http://www.loc.gov/MARC21/slim">
<record>
  <controlfield tag="001">171616</controlfield>
  <controlfield tag="005">20260527123126.0</controlfield>
  <datafield tag="024" ind1="7" ind2=" ">
    <subfield code="2">doi</subfield>
    <subfield code="a">10.1098/rspa.2025.0452</subfield>
  </datafield>
  <datafield tag="024" ind1="8" ind2=" ">
    <subfield code="2">sideral</subfield>
    <subfield code="a">149404</subfield>
  </datafield>
  <datafield tag="037" ind1=" " ind2=" ">
    <subfield code="a">ART-2026-149404</subfield>
  </datafield>
  <datafield tag="041" ind1=" " ind2=" ">
    <subfield code="a">eng</subfield>
  </datafield>
  <datafield tag="100" ind1=" " ind2=" ">
    <subfield code="a">Cattell, O.</subfield>
  </datafield>
  <datafield tag="245" ind1=" " ind2=" ">
    <subfield code="a">Understanding tonic–clonic seizure transitions as secondary bifurcations in a neural field model</subfield>
  </datafield>
  <datafield tag="260" ind1=" " ind2=" ">
    <subfield code="c">2026</subfield>
  </datafield>
  <datafield tag="520" ind1="3" ind2=" ">
    <subfield code="a">Epilepsy is a dynamic complex disease involving a paroxysmal change in the activity of millions of neurons, often resulting in seizures. Tonic–clonic seizures are a particularly important class of these and have previously been theorized to arise in systems with an instability from one temporal rhythm to another via a quasi-periodic transition. We show that a recently introduced class of next-generation neural field models has a sufficiently rich bifurcation structure to support such behaviour. A linear stability analysis of the space-clamped model is used to uncover the conditions for a Hopf–Hopf bifurcation whereby two incommensurate frequencies can be excited. This is used to seed a more exhaustive numerical bifurcation analysis that highlights the preponderance of the model to generate torus bifurcations. Since the neural field model is derived from a biophysically meaningful spiking tissue model, we are able to highlight the neurobiological mechanisms that can underpin tonic–clonic seizures as they relate to levels of excitability, electrical and chemical synaptic coupling and the speed of action potential propagation. We further show how spatio-temporal patterns of activity can evolve in the fully nonlinear regime using direct numerical simulations far from a Turing bifurcation.</subfield>
  </datafield>
  <datafield tag="506" ind1="0" ind2=" ">
    <subfield code="a">Access copy available to the general public</subfield>
    <subfield code="f">Unrestricted</subfield>
  </datafield>
  <datafield tag="536" ind1=" " ind2=" ">
    <subfield code="9">info:eu-repo/grantAgreement/ES/AEI/PID2021-122961NB-I00</subfield>
    <subfield code="9">info:eu-repo/grantAgreement/ES/DGA/E24-20R</subfield>
    <subfield code="9">info:eu-repo/grantAgreement/ES/DGA/E24-23R</subfield>
    <subfield code="9">info:eu-repo/grantAgreement/ES/DGA/LMP94_21</subfield>
    <subfield code="9">info:eu-repo/grantAgreement/ES/MCINN/PID2024-156032NB-I00</subfield>
    <subfield code="9">info:eu-repo/grantAgreement/EUR/MICINN/TED2021-130459B-I00</subfield>
  </datafield>
  <datafield tag="540" ind1=" " ind2=" ">
    <subfield code="9">info:eu-repo/semantics/openAccess</subfield>
    <subfield code="a">by</subfield>
    <subfield code="u">https://creativecommons.org/licenses/by/4.0/deed.es</subfield>
  </datafield>
  <datafield tag="655" ind1=" " ind2="4">
    <subfield code="a">info:eu-repo/semantics/article</subfield>
    <subfield code="v">info:eu-repo/semantics/publishedVersion</subfield>
  </datafield>
  <datafield tag="700" ind1=" " ind2=" ">
    <subfield code="a">Mayora-Cebollero, A.</subfield>
    <subfield code="u">Universidad de Zaragoza</subfield>
    <subfield code="0">(orcid)0000-0002-4802-2511</subfield>
  </datafield>
  <datafield tag="700" ind1=" " ind2=" ">
    <subfield code="a">O'Dea, R. D.</subfield>
  </datafield>
  <datafield tag="700" ind1=" " ind2=" ">
    <subfield code="a">Barrio, R.</subfield>
    <subfield code="u">Universidad de Zaragoza</subfield>
    <subfield code="0">(orcid)0000-0002-8089-343X</subfield>
  </datafield>
  <datafield tag="700" ind1=" " ind2=" ">
    <subfield code="a">Coombes, S.</subfield>
  </datafield>
  <datafield tag="710" ind1="2" ind2=" ">
    <subfield code="1">2005</subfield>
    <subfield code="2">595</subfield>
    <subfield code="a">Universidad de Zaragoza</subfield>
    <subfield code="b">Dpto. Matemática Aplicada</subfield>
    <subfield code="c">Área Matemática Aplicada</subfield>
  </datafield>
  <datafield tag="773" ind1=" " ind2=" ">
    <subfield code="g">482, 2338 (2026), 20250452 [28 pp.]</subfield>
    <subfield code="p">Proc. - Royal Soc., Math. phys. eng. sci.</subfield>
    <subfield code="t">Proceedings - Royal Society. Mathematical, physical and engineering sciences</subfield>
    <subfield code="x">1364-5021</subfield>
  </datafield>
  <datafield tag="856" ind1="4" ind2=" ">
    <subfield code="s">4147514</subfield>
    <subfield code="u">http://zaguan.unizar.es/record/171616/files/texto_completo.pdf</subfield>
    <subfield code="y">Versión publicada</subfield>
  </datafield>
  <datafield tag="856" ind1="4" ind2=" ">
    <subfield code="s">1845719</subfield>
    <subfield code="u">http://zaguan.unizar.es/record/171616/files/texto_completo.jpg?subformat=icon</subfield>
    <subfield code="x">icon</subfield>
    <subfield code="y">Versión publicada</subfield>
  </datafield>
  <datafield tag="909" ind1="C" ind2="O">
    <subfield code="o">oai:zaguan.unizar.es:171616</subfield>
    <subfield code="p">articulos</subfield>
    <subfield code="p">driver</subfield>
  </datafield>
  <datafield tag="951" ind1=" " ind2=" ">
    <subfield code="a">2026-05-27-11:25:00</subfield>
  </datafield>
  <datafield tag="980" ind1=" " ind2=" ">
    <subfield code="a">ARTICLE</subfield>
  </datafield>
</record>
</collection>